Open Data Biblioteca Nacional de Portugal


República Portuguesa: Ministério da Cultura
Biblioteca Nacional de Portugal

Catálogo da BNP: acesso por Identificadores Unívocos
Registos Bibliográficos associados ao registo de autoridade

Etiqueta de registo: 00000nam 2200025 450
001 2239828
003 http://id.bnportugal.gov.pt/bib/catbnp/2239828
010 ## $a978-989-9057-50-0
021 ## $aPT$b554527/25
100 ## $a20251219d2025 k y0pory01030103ba
101 0# $apor
102 ## $aPT
105 ## $ay z 000yy
106 ## $ar
200 1# $aRespostas democráticas (ou a sua ausência)$fFelipe Augusto Damaceno de Oliveira... [et al.]$gcoord. Vitalino Canas, Roberto Ornelas Monteiro
210 #9 $aLisboa$cAAFDL - Associação Académica da Faculdade de Direito de Lisboa,$d2025
215 ## $a198 p.$d24 cm
675 ## $a321.01(100)"20"(042)$vBN$zpor$31708360
675 ## $a321.7(100)"20"(042)$vBN$zpor$31884375
701 #1 $aOliveira,$bFelipe Augusto Damaceno de$4070$31981388
702 #1 $aCanas,$bVitalino,$f1959-$4340$325268
702 #1 $aMonteiro,$bRoberto Ornelas$4340$31981392
801 #0 $aPT$bBN$gRPC
856 41 $uhttp://rnod.bnportugal.gov.pt/ImagesBN/winlibimg.aspx?skey=&doc=2239828&img=220391&save=true
900 ## $aBIBNAC$d20260326
966 ## $lBN$mFGMON$pARAG$x3
966 ## $lBN$mFGMON$sS.C. 168701 V.$x1
971 ## $cssilva$d20260126
972 ## $e0$z0$d20260326$vasantos
973 ## $cigoulao$d20260317
975 ## $e0$d20260218$viquintas

OpendataBNP@bnportugal.pt | Mais informação sobre acesso aos dados BNP